|
|
|
|
| LEADER |
00691nam a22002051a 4500 |
| 020 |
|
|
|a 9788173052866
|c 0.00
|
| 040 |
|
|
|a SSUS - Library - Kalady
|
| 082 |
|
|
|a 294.592 1
|b SIN/V
|
| 100 |
|
|
|a Sindhu S Dange
|
| 245 |
|
|
|a Vedic beliefs and practices through Arthavada (v.1)
|h [Text]
|
| 260 |
|
|
|a New Delhi
|b Aryan Books
|c 2005
|
| 300 |
|
|
|a 258p.
|
| 600 |
|
|
|a Arthavaveda
|
| 600 |
|
|
|a Hinduism
|
| 600 |
|
|
|a Religion
|
| 600 |
|
|
|a Vedic Literature
|
| 852 |
|
|
|k Reference
|h 294.592 1
|i SIN/V
|p 057592
|9 750.00
|t 0
|
| 942 |
|
|
|c REF
|
| 999 |
|
|
|c 49450
|d 49450
|
| 952 |
|
|
|0 0
|1 0
|4 0
|6 R_294_592000000000000_1_SIN_V
|7 0
|9 71875
|a SSUS
|b SSUS
|d 2015-01-08
|g 750.00
|o R 294.592 1 SIN/V
|p 057592
|r 2015-01-08
|v 0.00
|w 2015-01-08
|y REF
|